| 000 | 01315nam a2200397 a 4500 | ||
|---|---|---|---|
| 999 |
_c28554 _d28525 |
||
| 001 | 3091570 | ||
| 003 | EG-ScBUE | ||
| 005 | 20201128024430.0 | ||
| 008 | 990317t1999 flua f b 001 0 eng d | ||
| 020 | _a0155080504 (hardcover) | ||
| 020 | _a9780155080508 | ||
| 040 |
_aDLC _beng _erda _cDLC _dEG-ScBUE |
||
| 082 | 0 | 4 |
_a153.7 _bCOR _222 |
| 100 | 1 |
_aCoren, Stanley, _eauthor. |
|
| 245 | 1 | 0 |
_aSensation and perception / _cStanley Coren, Lawrence M. Ward, James T. Enns. |
| 250 | _aFifth edition. | ||
| 264 | 1 |
_aOrlando, FL : _bHarcourt Brace & Company, _c[1999] |
|
| 264 | 4 | _cc1999 | |
| 300 |
_ax, 659 pages : _billustrations ; _c26 cm |
||
| 336 |
_2rdacontent _atext _btxt |
||
| 337 |
_2rdamedia _aunmediated _bn |
||
| 338 |
_2rdacarrier _avolume _bnc |
||
| 500 | _aOne transparency in pocket. | ||
| 500 | _aIncludes appendix. | ||
| 500 | _aIncludes glossary. | ||
| 504 | _aIncludes bibliographical references and indexes. | ||
| 650 | 7 |
_aSenses and sensation. _2BUEsh _9762 |
|
| 650 | 7 |
_aPerception. _2BUEsh |
|
| 653 |
_bHHUUPPSS _cJuly2020 |
||
| 655 |
_vReading book _934232 |
||
| 700 | 1 |
_aWard, Lawrence M., _eauthor. |
|
| 700 | 1 |
_aEnns, James T., _eauthor. |
|
| 906 |
_a7 _bcbc _corignew _d2 _eopcn _f19 _gy-gencatlg |
||
| 942 |
_2ddc _cBB |
||